L'Apogée - Sexion d'Assaut - Statistiques

Statistiques générales
  • Ce quiz a été pris 62 fois
  • Le résultat moyen est 14 sur 23
Statistiques - réponses
N° Track Titres % Correct
11 Avant qu'elle parte
85%
15 Wati House
83%
3 Disque d'Or
78%
1 Mets pas celle-là
78%
2 Ma direction
74%
5 (ft. L.I.O Pétrodollars) Melrose Place
72%
8 ( ft. Dry) Assez
70%
18 (ft. Dry) Cérémonie
70%
6 Balader
67%
7 Africain
65%
10 (ft. Dr. Beriz) J'suis pas dans le Game
65%
17 J'reste debout
59%
16 - 75 degrés
57%
9 La tâche
54%
20 Problèmes d'adultes
54%
12 (ft. H Magnum) Rien de méchant
54%
4 L'endurance
52%
14 Paname allons danser
50%
19 (ft. L.I.O Pétrodollars) Prévenez les haineux
41%
13 A coeur ouvert
37%
21 En direct de la lune
33%
23 (ft. L.I.O Pétrodollars & L'institut) On t'a dit
33%
22 Laissez-moi ivre
26%
Aucun quiz correspondant
Distribution des résultats
% des personnes avec chaque résultat
Percentile par nombre de réponses
Votre historique - résultats
Vous n’avez pas pris ce quiz